Organizaciones, conducta, estructura, proceso

Guardat en:
Dades bibliogràfiques
Autors principals: Gibson, James L (Autor), Ivancevich, John M (Autor), Donnelly, James H (Autor)
Format: Llibre
Idioma:espanyol
Publicat: Ciudad de México Interamericana 1987
Matèries:
Etiquetes: Afegir etiqueta
Sense etiquetes, Sigues el primer a etiquetar aquest registre!

MARC

LEADER 00000nam a2200000 a 4500
001 UCW2761
003 CL-VaPUC
008 891130e19870000MX |||||||||||||||||spa|d
082 0 4 |a 658.1  |b GIB  |2 21 
100 |a Gibson, James L  |e author  |9 561245 
700 |a Ivancevich, John M  |e author  |9 561246 
700 0 |a Donnelly, James H  |e author  |9 307045 
245 1 0 |a Organizaciones, conducta, estructura, proceso 
300 |a 602 p 
942 |c BK 
945 |d 19891130 00:00:00 
260 |a Ciudad de México  |b Interamericana  |c 1987 
650 0 |a Administración industrial   |9 259466 
650 0 |a Cambio organizacional   |9 260741 
650 0 |a Organización industrial   |9 260511 
583 |a last modification  |c 19891130 00:00:00  |k Rodrigo Vera 
999 |c 217216  |d 217214 
952 |0 0  |1 0  |4 0  |6 658_100000000000000_GIB_1987  |7 0  |8 A  |9 204194  |a BIBEDU  |b BIBEDU  |d 2019-11-15  |i 2714272  |o 658.1 GIB 1987  |p 2714272  |r 2019-11-15  |w 2019-11-15  |y BK  |k EDU